Score 0/30 Timer 06:00
0 Plays Today
% Correct
helium
96.2%
hibernate
94.9%
hail
94.6%
Harvard
94%
hurricane
91%
hippopotamus
90%
hymn
89.8%
Henry
88.8%
Hogwarts
88.7%
Hulk
87.2%
hypnotize
87.1%
hygiene
86.1%
hunchback
81%
Hamlet
77.9%
Helsinki
77%
% Correct
Honduras
73.2%
Honolulu
72.9%
hertz
72.6%
humerus
71.5%
Halo
71.2%
hieroglyphic
69.2%
Hoover
68.9%
Hermes
68.1%
Hindenburg
64.2%
hydra
63.9%
Hollandaise
62%
hyphen
61.1%
hubris
45.8%
Hillary
44.6%
havarti
40.8%
Remove Ads.
Support Sporcle.
Get the best of Sporcle when you Go Orange. This ad-free experience offers more features, more stats, and more fun while also helping to support Sporcle. Thank you for becoming a member.

You're not logged in!

Compare scores with friends on all Sporcle quizzes.
OR
Log In

Show Comments

Extras

Top Quizzes Today


Score Distribution

Your Account Isn't Verified!

In order to create a playlist on Sporcle, you need to verify the email address you used during registration. Go to your Sporcle Settings to finish the process.

Report this User

Report this user for behavior that violates our Community Guidelines.

Details: